| 000 | 00407nam a22001817a 4500 | ||
|---|---|---|---|
| 003 | NUST | ||
| 020 | _a978-81-203-43863 | ||
| 038 | _akhadija | ||
| 082 |
_a621.3124 _bSOL |
||
| 100 |
_aSolanki, Chetan Singh _918936 |
||
| 245 | _aSolar Photovoltaics | ||
| 250 | _a2nd | ||
| 260 |
_aNew York : _bPHI Learning, _c2007. |
||
| 300 | _a478 p. ; | ||
| 500 | _aPaperback. | ||
| 563 | _aPB | ||
| 942 |
_cBK _2ddc |
||
| 999 |
_c33385 _d33385 |
||